Anales de la Universidad de Chile: selección de textos médicos, 1857-1887
Saved in:
| Format: | Bog |
|---|---|
| Sprog: | spansk |
| Udgivet: |
Santiago, Chile
Cámara Chilena de la Construcción
2011
Santiago, Chile Pontificia Universidad Católica de Chile 2011 Santiago, Chile Dirección de Bibliotecas, Archivos y Museos 2011 |
| Serier: | Biblioteca Fundamentos de la Construcción de Chile,
33 |
| Fag: | |
| Tags: |
Tilføj Tag
Ingen Tags, Vær først til at tagge denne postø!
|
MARC
| LEADER | 00000cam a2200000 a 4500 | ||
|---|---|---|---|
| 001 | UCG8279 | ||
| 003 | CL-VaPUC | ||
| 005 | 20220729074539.0 | ||
| 008 | 111202e20110000CL |||||||||||||||||spa|d | ||
| 999 | |c 345899 |d 345897 | ||
| 020 | |a 9789568306625 | ||
| 040 | |c Pontificia Universidad Católica de Valparaíso | ||
| 082 | 0 | 4 | |a 610.983 ANA 2011 |2 21 |
| 245 | 1 | 0 | |a Anales de la Universidad de Chile: |b selección de textos médicos, 1857-1887 |
| 260 | |a Santiago, Chile |b Cámara Chilena de la Construcción |c 2011 | ||
| 260 | |a Santiago, Chile |b Pontificia Universidad Católica de Chile |c 2011 | ||
| 260 | |a Santiago, Chile |b Dirección de Bibliotecas, Archivos y Museos |c 2011 | ||
| 300 | |a 354 páginas | ||
| 490 | 0 | |a Biblioteca Fundamentos de la Construcción de Chile, |v 33 | |
| 583 | |a last modification |c 20111202 14:14:00 |k Rodrigo Vera | ||
| 650 | 0 | |a Medicina |z CHILE |9 258507 | |
| 650 | 7 | |a HISTORIA DE LA MEDICINA |2 CL-VaPUC |9 458623 |z CHILE | |
| 650 | 0 | |a Historia de Chile |9 265473 | |
| 650 | 0 | |a Salud pública |z CHILE |9 258913 | |
| 852 | |a BIBCUR | ||
| 942 | |c BK |2 ddc | ||
| 945 | |d 20111202 00:00:00 |a cmena | ||
| 952 | |0 0 |1 0 |2 ddc |4 0 |6 610_983000000000000_ANA_2011_2011_2011 |7 0 |8 A |9 446284 |a BIBHIS |b BIBHIS |d 2019-11-22 |i 4794494 |l 1 |m 13 |o 610.983 ANA 2011 2011 2011 |p 4794494 |r 2024-05-03 |s 2021-06-08 |t 1 |w 2019-11-22 |y BK |k HIS | ||